La teoría / (Record no. 115632)

MARC details
000 -LEADER
campo de control de longitud fija 00614nam a2200217 i 4500
001 - NÚMERO DE CONTROL
campo de control 115632
003 - IDENTIFICADOR DE NÚMERO DE CONTROL
campo de control ES-MaACL
005 - FECHA Y HORA DE LA ÚLTIMA TRANSACCIÓN
campo de control 20230906190522.0
007 - CAMPO FIJO DE DESCRIPCIÓN FÍSICA--INFORMACIÓN GENERAL
campo de control de longitud fija t|
008 - DATOS DE LONGITUD FIJA--INFORMACIÓN GENERAL
campo de control de longitud fija 070418s1971 sp ||||1| spa d
080 ## - NÚMERO DE LA CLASIFICACIÓN DECIMAL UNIVERSAL
Número de la Clasificación Decimal Universal 001.8(049.3)
245 03 - MENCIÓN DEL TÍTULO
Título La teoría /
Mención de responsabilidad, etc. [Otto Hahn ... et al. ; traducción Carmen Artal].
260 ## - PUBLICACIÓN, DISTRIBUCIÓN, ETC.
Lugar de publicación, distribución, etc. Barcelona :
Nombre del editor, distribuidor, etc. Anagrama,
Fecha de publicación, distribución, etc. [1971]
300 ## - DESCRIPCIÓN FÍSICA
Extensión 178 p. ;
Dimensiones 20 cm.
490 1# - MENCIÓN DE SERIE
Mención de serie Argumentos ;
Designación de volumen o secuencia 10
500 ## - NOTA GENERAL
Nota general Precede al tit.: VH101.
700 1# - ENTRADA AGREGADA--NOMBRE PERSONAL
Nombre de persona Hahn, Otto.
9 (RLIN) 61477
830 0# - PUNTO DE ACCESO ADICIONAL DE SERIE-TÍTULO UNIFORME
Título uniforme Argumentos ;
Designación de volumen o secuencia 10
9 (RLIN) 178418
852 ## - LOCALIZACIÓN
Ubicación ES-MaACL
Número de control de estantería C-44772
Sublocalización o colección R.80074
Holdings
Estatus retirado Estado de pérdida Estado de daño No para préstamo Biblioteca de origen Biblioteca actual Ubicación en estantería Fecha de adquisición Fuente de adquisición Total de préstamos Signatura topográfica completa Código de barras Visto por última vez Precio de reemplazo Tipo de ítem Koha
        Biblioteca del Ateneo de Madrid Biblioteca del Ateneo de Madrid Depósito 2 17/01/2008     C-44772 1120584 23/02/2023 23/02/2023 Libro impreso